000 00616nam a2200241Ia 4500
003 OSt
005 20221007105021.0
006 a|||||r|||| 00| 0
007 ta
008 221006b |||||||| |||| 00| 0 eng d
024 _a17,380
037 _cTextual
040 _aLCO
_cLCO
_beng
041 _2eng
_aeng
082 _aZ2,2,414, M0
100 _aKeenan D.
_9701883
245 0 _aTrusts
_b Law Unit
260 _aLondon
_bAnderson Keenan Publishing UK
_c1980
300 _a77
650 _aTRUSTS
_9706430
942 _hZ2,2,414, M0
_cTEXL
999 _c1186943
_d1186943